• 首页
  • 本馆介绍
  • 公告通知
  • 最新文献
  • 馆藏检索
  • 电子资源
  • 读者导购
  • 参考咨询
  • 我的图书馆
  • 登录
  • 详细信息显示
  • 放入我的书架
  • 预约/预借图书
  • 作者相关作品
  • 分类相关作品
  • 丛书相关作品
  • 出版社相关作品

书目信息

  • 表格格式
  • 工作单格式
  • 卡片格式
题名:
货币制度的世界史
    
 
作者: 黑田明伸 著 ;何平 译
分册:  
出版信息: 北京   中国人民大学出版社  2007
页数: 19,218页
开本: 21cm
丛书名:
单 册:
中图分类: F821.9
科图分类:
主题词: 货币制度--货币史--世界 , 货币制度 , 货币史
电子资源:
ISBN: 978-7-300-08528-9
000 00924nam0 2200265 450
001 1249671343
005 20121005134835.46
010    @a978-7-300-08528-9@dCNY25.00
100    @a20080102d2007 em y0chiy50 ea
101 1  @achi@cjpn
102    @aCN@b110000
105    @ay z 000yy
200 1  @a货币制度的世界史@Ahuo bi zhi du de shi jie shi@e解读“非对称性”@f(日)黑田明伸著@g何平译
210    @a北京@c中国人民大学出版社@d2007
215    @a19,218页@d21cm
330    @a本书从“不对称性”的概念入手,解读货币和市场复杂而多层的关系,据此对世界历史上的货币现象从根本上作出重新考察。
517 1  @a解读“非对称性”@Ajie du “fei dui cheng xing”
606 0  @a货币制度@x货币史@y世界
606 0  @a货币制度
606 0  @a货币史
690    @aF821.9@v4
701  0 @c(日)@a黑田明伸@Ahei tian ming shen@f(1958~)@4著
702  0 @a何平@Ahe ping@f(1965.5~)@4译
801  0 @aCN@bNLC@c20101222
905    @a10447@dF821.9@eJY53
    
    货币制度的世界史:解读“非对称性”/(日)黑田明伸著/何平译.-北京:中国人民大学出版社,2007
    19,218页;21cm
    
    
    ISBN 978-7-300-08528-9:CNY25.00
    本书从“不对称性”的概念入手,解读货币和市场复杂而多层的关系,据此对世界历史上的货币现象从根本上作出重新考察。
●
相关链接 在E读中查询图书 在五车中查询图书 在当当中查询图书 在豆瓣中查询图书


正题名:货币制度的世界史     索取号:F821.9/JY53         预约/预借

序号 登录号 条形码 馆藏地/架位号 状态 备注
1 7814312   278143126   学院路分馆/ [索取号:F821.9/JY53] 在馆    
2 7814313   278143135   学院路分馆/ [索取号:F821.9/JY53] 在馆    
3 7814314   278143144   学院路分馆/ [索取号:F821.9/JY53] 在馆    
唐山师范学院图书馆 欢迎您!
大连网信软件有限公司© 版权所有